| 000 | 02554cam a22005654a 4500 | ||
|---|---|---|---|
| 001 | muse86586 | ||
| 003 | MdBmJHUP | ||
| 005 | 20210127151721.0 | ||
| 006 | m o d | ||
| 007 | cr||||||||nn|n | ||
| 008 | 200531r20201981ncu o 00 0 eng d | ||
| 020 | _a9781469657141 | ||
| 020 | _z1469657147 | ||
| 020 | _z9781469657134 | ||
| 035 | _a(OCoLC)1157943633 | ||
| 040 |
_aMdBmJHUP _cMdBmJHUP |
||
| 043 | _aev----- | ||
| 050 | 4 |
_aPT9816 _b.S73 1981 |
|
| 082 | 0 |
_a839.7/26 _219 |
|
| 245 | 0 | 0 |
_aStructures of Influence _bA Comparative Approach to August Strindberg / _cedited by Marilyn Johns Blackwell. |
| 264 | 1 | _bProject Muse, | |
| 264 | 3 | _bProject MUSE, | |
| 300 | _a1 online resource (1 EPUB unpaged.) | ||
| 490 | 0 |
_aUNC studies in the Germanic languages and literatures ; _vnumber 98 |
|
| 500 | _aFestschrift in honor of Walter Gilbert Johnson. | ||
| 500 | _aIssued as part of book collections on Project MUSE. | ||
| 504 | _aIncludes bibliographical references and index. | ||
| 506 | 0 |
_aOpen Access _fUnrestricted online access _2star |
|
| 520 | _aThis collection of essays featuring contributions from eminent Swedish and American Strindberg scholars addresses the question of how Strindberg's art collides and colludes, ideologically and aesthetically, with the literary doyens of the nineteenth and twentieth centuries in both the Scandinavian and the larger Western cultural context. | ||
| 588 | _aDescription based on print version record. | ||
| 600 | 1 | 1 |
_aJohnson, Walter Gilbert, _d1905-1983. |
| 600 | 1 | 1 |
_aStrindberg, August, _d1849-1912 _xInfluence. |
| 650 | 0 |
_aLiterature, Modern _y20th century _xHistory and criticism. |
|
| 650 | 0 |
_aScandinavian literature _y20th century _xHistory and criticism. |
|
| 655 | 0 | _aElectronic books. | |
| 655 | 0 |
_aFestschriften. _2lcgft |
|
| 655 | 7 |
_aElectronic books. _2local |
|
| 700 | 1 |
_aBlackwell, Marilyn Johns, _eeditor. |
|
| 700 | 1 |
_aJohnson, Walter Gilbert, _d1905-1983, _ehonoree. |
|
| 710 | 2 |
_aProject Muse, _edistributor. |
|
| 776 | 1 | 8 |
_iPrint version: _w(DLC) 80029545 _z9781469657134 _z1469657139 |
| 710 | 2 |
_aProject Muse. _edistributor |
|
| 830 | 0 |
_aUniversity of North Carolina studies in the Germanic languages and literatures ; _vno. 98. |
|
| 830 | 0 | _aBook collections on Project MUSE. | |
| 856 | 4 | 0 |
_zFull text available: _uhttps://muse.jhu.edu/book/75722/ |
| 999 |
_c26772 _d26772 |
||